The six enneads

Gespeichert in:
Bibliographische Detailangaben
1. Verfasser: Plotino (VerfasserIn)
Format: Buch
Sprache:Englisch
Veröffentlicht: Chicago Encyclopaedia Britannica 1952
Schriftenreihe:Great Books of the Western World, 17
Schlagworte:
Tags: Tag hinzufügen
Keine Tags, Fügen Sie den ersten Tag hinzu!

MARC

LEADER 00000nam a2200000 a 4500
001 UCM8111
003 CL-VaPUC
008 030124e19520000US |||||||||||||||||eng|d
082 0 4 |a 186.4  |b PLO  |2 21 
100 0 |a Plotino  |e author  |9 266516 
245 1 4 |a The six enneads 
300 |a 360 p 
942 |c BK 
945 |d 20030124 00:00:00  |a cmena 
260 |a Chicago  |b Encyclopaedia Britannica  |c 1952 
650 0 |a Neoplatonismo  |9 265877 
650 0 |a Filosofía del espíritu  |9 320175 
650 0 |a Escolasticismo  |9 264998 
583 |a last modification  |c 20030124 00:00:00  |k Rodrigo Vera 
490 0 |a Great Books of the Western World, 17 
999 |c 302710  |d 302708 
952 |0 0  |1 0  |4 0  |6 186_400000000000000_PLO_1952  |7 0  |8 A  |9 363422  |a BIBGIM  |b BIBGIM  |d 2019-11-21  |i 3878449  |o 186.4 PLO 1952  |p 3878449  |r 2025-01-15  |w 2019-11-21  |y BK  |k GIM